| 000 | 00533nam a2200181Ia 4500 | ||
|---|---|---|---|
| 999 |
_c34639 _d34639 |
||
| 003 | OSt | ||
| 005 | 20200904120959.0 | ||
| 008 | 190216s9999||||xx |||||||||||||| ||und|| | ||
| 020 | _a9788173816468 | ||
| 040 | _coclc | ||
| 082 |
_a531 _bBHA/I |
||
| 100 |
_aBhattacharyya, Binoy _94440 |
||
| 245 | 3 |
_aAn Introduction To Classical Mechanics / _cBinoy Bhattacharyya |
|
| 260 |
_bNew Central Book Agencies, _c2012. _aLondon: |
||
| 300 | _a369p | ||
| 650 | _aPhysics | ||
| 942 |
_cBK _2ddc _h531 _iBHA/I _k531 _mBHA/I |
||